Geomarketing (Record no. 729318)

MARC details
000 -LEADER
fixed length control field 00714nam a2200253Ia 4500
003 - CONTROL NUMBER IDENTIFIER
control field OSt
005 - DATE AND TIME OF LATEST TRANSACTION
control field 20220928105048.0
008 - FIXED-LENGTH DATA ELEMENTS--GENERAL INFORMATION
fixed length control field 220927b |||||||| |||| 00| 0 eng d
037 ## - SOURCE OF ACQUISITION
Terms of availability Textual
040 ## - CATALOGING SOURCE
Original cataloging agency SDCL
Transcribing agency SDCL
Language of cataloging eng
041 ## - LANGUAGE CODE
Source of code eng
Language code of text/sound track or separate title eng
100 ## - MAIN ENTRY--PERSONAL NAME
Personal name Cliquet Gerard Ed.
9 (RLIN) 413533
245 #0 - TITLE STATEMENT
Title Geomarketing
Remainder of title Methods and strategies in spatial marketing
260 ## - PUBLICATION, DISTRIBUTION, ETC.
Place of publication, distribution, etc. London
Name of publisher, distributor, etc. ISTE
Date of publication, distribution, etc. 2007
300 ## - PHYSICAL DESCRIPTION
Extent 327p
Dimensions cm.
490 ## - SERIES STATEMENT
Series statement Geographical information systems series
650 ## - SUBJECT ADDED ENTRY--TOPICAL TERM
Topical term or geographic name entry element Geomarketing
9 (RLIN) 413534
942 ## - ADDED ENTRY ELEMENTS (KOHA)
Classification part X:51obU, P7
Koha item type Textual
Source of classification or shelving scheme Colon Classification (CC)
Holdings
Withdrawn status Lost status Damaged status Not for loan Home library Current library Date acquired Total Checkouts Full call number Barcode Date last seen Price effective from Koha item type
        South Campus Library South Campus Library 2022-09-28   X:51obU P7 SC1303824 2022-09-28 2022-09-28 Textual
Copyright @ Delhi University Library System